Score 0/12 Timer 04:00
0 Plays Today
Title Missing Word % Correct
Suzanne CollinsHunger
98.3%
Stieg LarssonTattoo
96.8%
Stieg LarssonPlayed
91.3%
J.R.R TolkienTowers
87.5%
Suzanne CollinsCatching
81.8%
Stieg LarssonHornets'
80.3%
J.R.R TolkienReturn
79.7%
J.R.R TolkienFellowship
74.7%
Suzanne CollinsMockingjay
62.7%
Phillip PullmanNorthern
35.9%
Phillip PullmanAmber
31.6%
Phillip PullmanKnife
24.7%

Today's Daily Dose

Remove Ads.
Support Sporcle.
Get the best of Sporcle when you Go Orange. This ad-free experience offers more features, more stats, and more fun while also helping to support Sporcle. Thank you for becoming a member.

You're not logged in!

Compare scores with friends on all Sporcle quizzes.
OR
Log In

Show Comments

Extras

Top Quizzes Today


Score Distribution

Your Account Isn't Verified!

In order to create a playlist on Sporcle, you need to verify the email address you used during registration. Go to your Sporcle Settings to finish the process.

Report this User

Report this user for behavior that violates our Community Guidelines.

Details: